[Event "Mittelrhein Regionalliga 1920"]
[Site "Mittelrhein"]
[Date "2019.09.29"]
[Round "1.3"]
[White "Meyer, Mario"]
[Black "Fuhs, Juergen"]
[Result "1/2-1/2"]
[WhiteElo "2053"]
[BlackElo "2012"]
[PlyCount "102"]
[EventDate "2019.09.29"]
[EventType "team-tourn"]
[EventRounds "9"]
[EventCountry "GER"]
[SourceTitle "EXT 2023"]
[Source "ChessBase"]
[SourceDate "2022.10.05"]
[SourceVersion "1"]
[SourceVersionDate "2022.10.05"]
[SourceQuality "1"]
[WhiteTeam "Aachen SV II"]
[BlackTeam "Horrem"]
[WhiteTeamCountry "GER"]
[BlackTeamCountry "GER"]

1. e4 c5 2. d4 cxd4 3. c3 Nf6 4. e5 Nd5 5. Bc4 Nb6 6. Bb3 e6 7. cxd4 d6 8. Qe2 Nc6 9. Nf3 Be7 10. Nc3 0-0 11. 0-0 dxe5 12. dxe5 Nd4 13. Nxd4 Qxd4 14. Rd1 Qb4 15. Bc2 Qc4 16. Qf3 Bd7 17. Qxb7 Qc6 18. Qa6 Nc4 19. Qxc6 Bxc6 20. Re1 Rfd8 21. a3 a5 22. b3 Nb6 23. Bb2 Rd2 24. Re2 Rad8 25. Rae1 R2d7 26. Be4 Nd5 27. g3 Rb7 28. Nxd5 Bxd5 29. Bc3 Rxb3 30. Bxa5 Ra8 31. Bxd5 exd5 32. Bb4 Bxb4 33. axb4 Rxb4 34. Rd2 Rb5 35. f4 g6 36. Kf2 h5 37. Rc1 Rab8 38. h3 Rb2 39. Rcc2 Rxc2 40. Rxc2 Rb5 41. g4 hxg4 42. hxg4 d4 43. g5 Kf8 44. Kf3 Rb4 45. Rc6 Ke7 46. Rd6 Rb3+ 47. Ke4 Re3+ 48. Kxd4 Re1 49. Rf6 Rd1+ 50. Ke3 Re1+ 51. Kf2 Re4 1/2-1/2

[Event "Mittelrhein Verbandsliga-W 18/19"]
[Site "Nordrheinwestfalen"]
[Date "2019.05.19"]
[Round "11.1"]
[White "Fuhs, Juergen"]
[Black "Kocur, Johan"]
[Result "0-1"]
[WhiteElo "2034"]
[BlackElo "2065"]
[PlyCount "68"]
[EventDate "2018.09.02"]
[EventType "team-tourn"]
[EventRounds "11"]
[EventCountry "GER"]
[SourceTitle "EXT 2022"]
[Source "ChessBase"]
[SourceDate "2021.10.06"]
[SourceVersion "1"]
[SourceVersionDate "2021.10.06"]
[SourceQuality "1"]
[WhiteTeam "Bergheim"]
[BlackTeam "Uebach Palenberg"]
[WhiteTeamCountry "GER"]
[BlackTeamCountry "GER"]

1. d4 Nf6 2. Nf3 e6 3. g3 b5 4. Bg2 Bb7 5. 0-0 Be7 6. Qd3 a6 7. Nbd2 c5 8. c3 Nc6 9. dxc5 Bxc5 10. Nb3 Be7 11. e4 d6 12. Bf4 Qc7 13. Rad1 Ne5 14. Nxe5 dxe5 15. Bg5 Rd8 16. Qe2 0-0 17. f3 h6 18. Be3 Nd7 19. Rd2 Nb6 20. Rfd1 Nc4 21. Rxd8 Rxd8 22. Rxd8+ Qxd8 23. Bf2 Qc7 24. Nc1 Bc5 25. Nd3 Bxf2+ 26. Qxf2 Qd6 27. Bf1 f5 28. Nc5 Ba8 29. b3 Nd2 30. Bg2 Nb1 31. Qe3 Qd1+ 32. Kf2 Qc2+ 33. Kg1 Nxc3 34. Bf1 Nd1 0-1

[Event "Mittelrhein Verbandsliga-W 17/18"]
[Site "Nordrheinwestfalen"]
[Date "2018.04.15"]
[Round "10.2"]
[White "Fuhs, Juergen"]
[Black "Yeritsyan, Artur"]
[Result "1/2-1/2"]
[WhiteElo "1976"]
[BlackElo "1884"]
[PlyCount "50"]
[EventDate "2017.09.10"]
[EventType "team-tourn"]
[EventRounds "11"]
[EventCountry "GER"]
[SourceTitle "EXT 2022"]
[Source "ChessBase"]
[SourceDate "2021.10.06"]
[SourceVersion "1"]
[SourceVersionDate "2021.10.06"]
[SourceQuality "1"]
[WhiteTeam "Dueren Derichsweiler"]
[BlackTeam "Bruehl III"]
[WhiteTeamCountry "GER"]
[BlackTeamCountry "GER"]

1. d4 d5 2. g3 Nf6 3. Bg2 e6 4. Nf3 Nbd7 5. 0-0 Be7 6. Nbd2 0-0 7. b3 b6 8. Bb2 Bb7 9. Ne5 c5 10. e3 Qc7 11. f4 a5 12. a4 Ba6 13. Re1 Rac8 14. c4 Bb7 15. Rc1 cxd4 16. exd4 dxc4 17. Rxc4 Qb8 18. Nc6 Bxc6 19. Rxc6 Rxc6 20. Bxc6 Bb4 21. Re2 Qc7 22. Bg2 Nd5 23. Nc4 N7f6 24. Rc2 Qb8 25. Qc1 Rc8 1/2-1/2

[Event "Mittelrhein Verbandsliga-W 17/18"]
[Site "Nordrheinwestfalen"]
[Date "2018.03.18"]
[Round "9.1"]
[White "Fuhs, Juergen"]
[Black "Pick, Stefan"]
[Result "1/2-1/2"]
[WhiteElo "1976"]
[BlackElo "1971"]
[PlyCount "45"]
[EventDate "2017.09.10"]
[EventType "team-tourn"]
[EventRounds "11"]
[EventCountry "GER"]
[SourceTitle "EXT 2022"]
[Source "ChessBase"]
[SourceDate "2021.10.06"]
[SourceVersion "1"]
[SourceVersionDate "2021.10.06"]
[SourceQuality "1"]
[WhiteTeam "Dueren Derichsweiler"]
[BlackTeam "Kerpen SK"]
[WhiteTeamCountry "GER"]
[BlackTeamCountry "GER"]

1. Nf3 Nf6 2. g3 b5 3. Bg2 Bb7 4. a4 b4 5. 0-0 e6 6. c4 Be7 7. Qc2 0-0 8. b3 Qc8 9. Bb2 h6 10. d3 c5 11. Nbd2 Nc6 12. Rad1 Re8 13. e3 Qc7 14. Rfe1 Rad8 15. Ne4 Nxe4 16. dxe4 d6 17. Re2 Ne5 18. Nxe5 dxe5 19. Red2 Rxd2 20. Rxd2 Rd8 21. Rxd8+ Bxd8 22. Qd3 Be7 23. f4 1/2-1/2

[Event "Mittelrhein Verbandsliga-W 17/18"]
[Site "Nordrheinwestfalen"]
[Date "2017.10.22"]
[Round "3.2"]
[White "Fuhs, Juergen"]
[Black "Flatten, Arnold"]
[Result "1/2-1/2"]
[WhiteElo "1975"]
[BlackElo "2072"]
[PlyCount "55"]
[EventDate "2017.09.10"]
[EventType "team-tourn"]
[EventRounds "11"]
[EventCountry "GER"]
[SourceTitle "EXT 2022"]
[Source "ChessBase"]
[SourceDate "2021.10.06"]
[SourceVersion "1"]
[SourceVersionDate "2021.10.06"]
[SourceQuality "1"]
[WhiteTeam "Dueren Derichsweiler"]
[BlackTeam "Lendersdorf"]
[WhiteTeamCountry "GER"]
[BlackTeamCountry "GER"]

1. c4 Nf6 2. Nc3 d5 3. d4 g6 4. Bf4 Bg7 5. Qa4+ c6 6. cxd5 Nxd5 7. Nxd5 Qxd5 8. e3 Nd7 9. Nf3 Nb6 10. Qb4 0-0 11. Be2 Qe4 12. Qd2 Bf5 13. 0-0 c5 14. Ng5 Qd5 15. Bf3 Qd8 16. Rfd1 cxd4 17. exd4 Nd5 18. Bg3 Rc8 19. Rac1 Qd7 20. Rc5 Nb6 21. b4 Rfd8 22. Qe1 e6 23. Ne4 Qe7 24. Be5 f6 25. Bg3 Bf8 26. Rxc8 Nxc8 27. a3 Nb6 28. h3 1/2-1/2

[Event "Mittelrhein Verbandsliga-W 16/17"]
[Site "Nordrheinwestfalen"]
[Date "2017.02.19"]
[Round "8.1"]
[White "Harcke, Andreas"]
[Black "Fuhs, Juergen"]
[Result "1/2-1/2"]
[WhiteElo "2091"]
[BlackElo "2005"]
[PlyCount "32"]
[EventDate "2016.09.11"]
[EventType "team-tourn"]
[EventRounds "11"]
[EventCountry "GER"]
[SourceTitle "EXT 2022"]
[Source "ChessBase"]
[SourceDate "2021.10.06"]
[SourceVersion "1"]
[SourceVersionDate "2021.10.06"]
[SourceQuality "1"]
[WhiteTeam "Erftstadt SV"]
[BlackTeam "Bergheim"]
[WhiteTeamCountry "GER"]
[BlackTeamCountry "GER"]

1. d4 f5 2. h3 Nf6 3. g4 d6 4. Nc3 g6 5. Bg5 Bg7 6. gxf5 Bxf5 7. Bg2 c6 8. e4 Bc8 9. Qd2 Nbd7 10. 0-0-0 0-0 11. e5 Ne8 12. f4 Nb6 13. d5 dxe5 14. fxe5 Bxe5 15. dxc6 Qxd2+ 16. Bxd2 bxc6 1/2-1/2

[Event "Mittelrhein Verbandsliga-W 16/17"]
[Site "Nordrheinwestfalen"]
[Date "2017.01.08"]
[Round "6.1"]
[White "Burovic, Ismet"]
[Black "Fuhs, Juergen"]
[Result "1-0"]
[WhiteElo "2302"]
[BlackElo "2020"]
[PlyCount "59"]
[EventDate "2016.09.11"]
[EventType "team-tourn"]
[EventRounds "11"]
[EventCountry "GER"]
[SourceTitle "EXT 2022"]
[Source "ChessBase"]
[SourceDate "2021.10.06"]
[SourceVersion "1"]
[SourceVersionDate "2021.10.06"]
[SourceQuality "1"]
[WhiteTeam "Alsdorf SVG"]
[BlackTeam "Bergheim"]
[WhiteTeamCountry "GER"]
[BlackTeamCountry "GER"]

1. e4 c5 2. d3 Nc6 3. g3 e6 4. Bg2 d5 5. Nd2 Nf6 6. Ngf3 Be7 7. 0-0 h6 8. c3 dxe4 9. dxe4 Qd3 10. Ne1 Qa6 11. f4 Bd7 12. Bf3 Na5 13. b3 Qb6 14. Rf2 Bc6 15. Qc2 g5 16. a3 Bb5 17. c4 Bd7 18. e5 Nh7 19. Nd3 Nc6 20. Bb2 Qc7 21. Ne4 Nd4 22. Bxd4 cxd4 23. c5 gxf4 24. Nd6+ Bxd6 25. exd6 Qc8 26. Nxf4 Ng5 27. Bh5 Qc6 28. h4 Ne4 29. Bxf7+ Kxf7 30. Nd5+ 1-0

[Event "Mittelrhein Verbandsliga-W 16/17"]
[Site "Nordrheinwestfalen"]
[Date "2016.10.23"]
[Round "3.1"]
[White "Abolianin, Arthur"]
[Black "Fuhs, Juergen"]
[Result "1-0"]
[WhiteElo "2319"]
[BlackElo "2009"]
[PlyCount "77"]
[EventDate "2016.09.11"]
[EventType "team-tourn"]
[EventRounds "11"]
[EventCountry "GER"]
[SourceTitle "EXT 2022"]
[Source "ChessBase"]
[SourceDate "2021.10.06"]
[SourceVersion "1"]
[SourceVersionDate "2021.10.06"]
[SourceQuality "1"]
[WhiteTeam "Lendersdorf"]
[BlackTeam "Bergheim"]
[WhiteTeamCountry "GER"]
[BlackTeamCountry "GER"]

1. g3 Nf6 2. Bg2 d5 3. Nf3 c5 4. 0-0 Nc6 5. d4 e6 6. c4 cxd4 7. Nxd4 Be7 8. Nc3 0-0 9. cxd5 exd5 10. Be3 Na5 11. Qc2 Nc4 12. Bc1 Be6 13. Rd1 Qc8 14. Nxe6 fxe6 15. Bf4 Bd6 16. Bxd6 Nxd6 17. Rac1 Qe8 18. e3 Rc8 19. Qe2 Qf7 20. Rc2 Rc7 21. Rdc1 Rfc8 22. Bh3 Rc6 23. Qd3 Nc4 24. Nxd5 Nxb2 25. Nxf6+ Qxf6 26. Qb3 Rxc2 27. Rxc2 Rxc2 28. Qxc2 Kf7 29. Qc8 b6 30. Qd7+ Kg6 31. Bxe6 Nd1 32. Qe8+ Kh6 33. Qf7 Qxf7 34. Bxf7 Kg5 35. Kf1 Kf6 36. Bg8 h6 37. Ke2 Nc3+ 38. Kd3 Nb5 39. f4 1-0

[Event "Mittelrhein Verbandsliga-W 16/17"]
[Site "Nordrheinwestfalen"]
[Date "2016.09.11"]
[Round "1.1"]
[White "Bausch, Thomas"]
[Black "Fuhs, Juergen"]
[Result "1/2-1/2"]
[WhiteElo "2061"]
[BlackElo "1984"]
[PlyCount "69"]
[EventDate "2016.09.11"]
[EventType "team-tourn"]
[EventRounds "11"]
[EventCountry "GER"]
[SourceTitle "EXT 2022"]
[Source "ChessBase"]
[SourceDate "2021.10.06"]
[SourceVersion "1"]
[SourceVersionDate "2021.10.06"]
[SourceQuality "1"]
[WhiteTeam "Pulheim"]
[BlackTeam "Bergheim"]
[WhiteTeamCountry "GER"]
[BlackTeamCountry "GER"]

1. e4 c5 2. c3 b6 3. d4 Bb7 4. d5 Nf6 5. Bd3 c4 6. Bc2 e6 7. dxe6 dxe6 8. Qxd8+ Kxd8 9. f3 Nbd7 10. Be3 Rc8 11. Nd2 Ba6 12. Rd1 Bc5 13. Bxc5 Rxc5 14. Ne2 Ke7 15. 0-0 e5 16. Rfe1 Rd8 17. Nf1 g6 18. Rd2 Rcc8 19. Ne3 Nc5 20. Red1 Rxd2 21. Rxd2 Rd8 22. Rxd8 Kxd8 23. Nc1 Ke7 24. Kf2 Kd6 25. b3 b5 26. b4 Ncd7 27. g3 Bb7 28. Nd1 Nh5 29. Ke3 f6 30. f4 Bc6 31. Nf2 Nb6 32. Ng4 Bd7 33. fxe5+ fxe5 34. Nf2 Nf6 35. Bd1 1/2-1/2

[Event "Mittelrhein Verbandsliga-W 15/16"]
[Site "Nordrheinwestfalen"]
[Date "2016.04.10"]
[Round "10.1"]
[White "Peters, Michael"]
[Black "Fuhs, Juergen"]
[Result "1/2-1/2"]
[WhiteElo "1995"]
[BlackElo "1975"]
[PlyCount "52"]
[EventDate "2015.09.06"]
[EventType "team-tourn"]
[EventRounds "11"]
[EventCountry "GER"]
[SourceTitle "EXT 2022"]
[Source "ChessBase"]
[SourceDate "2021.10.06"]
[SourceVersion "1"]
[SourceVersionDate "2021.10.06"]
[SourceQuality "1"]
[WhiteTeam "Kerpen SK"]
[BlackTeam "Dueren Derichsweiler"]
[WhiteTeamCountry "GER"]
[BlackTeamCountry "GER"]

1. e4 c5 2. Nf3 e6 3. d4 cxd4 4. Nxd4 a6 5. Nc3 Qc7 6. Bd3 Nc6 7. Nxc6 dxc6 8. 0-0 Nf6 9. Be3 Bd6 10. f4 e5 11. f5 b5 12. a3 Bb7 13. g4 h5 14. g5 Ng4 15. Qf3 Nxe3 16. Qxe3 Qe7 17. Kh1 Bc5 18. Qg3 h4 19. Qg2 f6 20. g6 Bd4 21. Nd1 0-0-0 22. Qe2 Bb6 23. a4 Qc5 24. Ra3 Kd7 25. Rc3 Qb4 26. axb5 cxb5 1/2-1/2

[Event "Goch op 26th"]
[Site "Goch"]
[Date "2015.09.04"]
[Round "2"]
[White "Fuhs, Juergen"]
[Black "Tomic, Bosko"]
[Result "0-1"]
[WhiteElo "2056"]
[BlackElo "2474"]
[PlyCount "40"]
[EventDate "2015.09.03"]
[EventType "swiss"]
[EventRounds "7"]
[EventCountry "GER"]
[SourceTitle "EXT 2018"]
[Source "ChessBase"]
[SourceDate "2017.10.13"]
[SourceVersion "1"]
[SourceVersionDate "2017.10.13"]
[SourceQuality "1"]

1. e4 c5 2. Nc3 g6 3. f4 Bg7 4. Nf3 Nc6 5. Bc4 d6 6. 0-0 Nf6 7. d3 Bg4 8. Qe1 Bxf3 9. gxf3 Nd4 10. Rf2 a6 11. a4 Nh5 12. Be3 e6 13. Qc1 Qh4 14. Nd1 Qh3 15. Bxd4 Bxd4 16. Ne3 Nxf4 17. c3 Qh4 18. Rc2 Qg5+ 19. Kh1 Nxd3 20. Bxd3 Bxe3 0-1

[Event "Goch op 26th"]
[Site "Goch"]
[Date "2015.09.04"]
[Round "3"]
[White "Paschmann, Stefan"]
[Black "Fuhs, Juergen"]
[Result "0-1"]
[WhiteElo "1872"]
[BlackElo "2056"]
[PlyCount "54"]
[EventDate "2015.09.03"]
[EventType "swiss"]
[EventRounds "7"]
[EventCountry "GER"]
[SourceTitle "EXT 2018"]
[Source "ChessBase"]
[SourceDate "2017.10.13"]
[SourceVersion "1"]
[SourceVersionDate "2017.10.13"]
[SourceQuality "1"]

1. d4 Nf6 2. Nf3 e6 3. Bg5 Be7 4. e3 b6 5. Nbd2 Bb7 6. Bd3 d5 7. 0-0 Nbd7 8. c3 Ne4 9. Bxe7 Qxe7 10. c4 0-0 11. cxd5 exd5 12. Qc2 c5 13. Bb5 Rfc8 14. Qa4 Ndf6 15. Ba6 Bxa6 16. Qxa6 Nxd2 17. Nxd2 cxd4 18. exd4 Qb4 19. Rac1 Rxc1 20. Rxc1 Re8 21. Nb3 Qe7 22. Kf1 Ne4 23. Qd3 Qh4 24. Qf3 Qxh2 25. Qh3 Qf4 26. Rc2 f5 27. Kg1 Nxf2 0-1

[Event "Mittelrhein Regionalliga 1415"]
[Site "Mittelrhein"]
[Date "2015.03.15"]
[Round "8.3"]
[White "Fuhs, Juergen"]
[Black "Christensen, Niels Bech"]
[Result "0-1"]
[WhiteElo "2043"]
[BlackElo "2172"]
[PlyCount "110"]
[EventDate "2014.09.28"]
[EventType "team-tourn"]
[EventRounds "9"]
[EventCountry "GER"]
[SourceTitle "EXT 2023"]
[Source "ChessBase"]
[SourceDate "2022.10.05"]
[SourceVersion "1"]
[SourceVersionDate "2022.10.05"]
[SourceQuality "1"]
[WhiteTeam "Aachen DJK Aufwaerts III"]
[BlackTeam "Bonn Beuel"]
[WhiteTeamCountry "GER"]
[BlackTeamCountry "GER"]

1. e4 c5 2. Nc3 Nc6 3. f4 g6 4. Nf3 Bg7 5. Bc4 e6 6. d3 Nge7 7. 0-0 d5 8. Bb3 0-0 9. Qe1 Nd4 10. Nxd4 cxd4 11. Ne2 a5 12. a4 dxe4 13. dxe4 d3 14. Nc3 Nc6 15. Nb5 Nd4 16. Nxd4 Qxd4+ 17. Kh1 Bd7 18. cxd3 Qxd3 19. Ra3 Qd4 20. Bc2 Bc6 21. Qe2 Rfd8 22. Rd3 Qb4 23. Rxd8+ Rxd8 24. b3 b5 25. Rd1 Rxd1+ 26. Qxd1 bxa4 27. bxa4 Bxe4 28. Bxe4 Qxe4 29. Qd8+ Bf8 30. Qxa5 Qe2 31. Qb6 Qd1+ 32. Qg1 Qxa4 33. Be3 Bd6 34. Qc1 h5 35. h3 Qe4 36. Qd2 Qd5 37. Qxd5 exd5 38. g4 Kf8 39. Kg2 Ke7 40. Kf3 Ke6 41. Bd4 Be7 42. Ke3 Bf6 43. Bc5 Be7 44. Bd4 Bd6 45. Kf3 Kd7 46. f5 gxf5 47. gxh5 Bf8 48. Kf4 Ke6 49. Kg5 Be7+ 50. Kh6 f4 51. Kg7 f3 52. h6 Bf6+ 53. Bxf6 f2 54. h7 f1Q 55. Bg5 Qf5 0-1

[Event "Mittelrhein Regionalliga 1415"]
[Site "Mittelrhein"]
[Date "2014.11.09"]
[Round "3.6"]
[White "Fuhs, Juergen"]
[Black "Graf, Peter"]
[Result "1-0"]
[WhiteElo "2004"]
[BlackElo "1931"]
[PlyCount "61"]
[EventDate "2014.09.28"]
[EventType "team-tourn"]
[EventRounds "9"]
[EventCountry "GER"]
[SourceTitle "EXT 2023"]
[Source "ChessBase"]
[SourceDate "2022.10.05"]
[SourceVersion "1"]
[SourceVersionDate "2022.10.05"]
[SourceQuality "1"]
[WhiteTeam "Aachen DJK Aufwaerts III"]
[BlackTeam "Klub Koelner SF II"]
[WhiteTeamCountry "GER"]
[BlackTeamCountry "GER"]

1. d4 Nf6 2. g3 d5 3. Bg2 Bf5 4. Nf3 e6 5. 0-0 Be7 6. b3 0-0 7. Bb2 Nbd7 8. Nbd2 Ne4 9. Ne5 Nxe5 10. dxe5 Nxd2 11. Qxd2 c6 12. Rfe1 Qb6 13. Bc3 Rfd8 14. Ba5 Qc5 15. Bxd8 Rxd8 16. c3 Qb6 17. Rad1 d4 18. Rf1 c5 19. h3 h6 20. Kh2 Qc7 21. f4 b5 22. e3 dxc3 23. Qxc3 b4 24. Rxd8+ Bxd8 25. Qd2 Kf8 26. Rd1 Be7 27. Qd7 Qxd7 28. Rxd7 Bb1 29. Rxa7 f6 30. exf6 Bxf6 31. Bf1 1-0

[Event "Mittelrhein Regionalliga 1415"]
[Site "Mittelrhein"]
[Date "2014.10.19"]
[Round "2.6"]
[White "Diesner, Michael"]
[Black "Fuhs, Juergen"]
[Result "1-0"]
[WhiteElo "2077"]
[BlackElo "2004"]
[PlyCount "57"]
[EventDate "2014.09.28"]
[EventType "team-tourn"]
[EventRounds "9"]
[EventCountry "GER"]
[SourceTitle "EXT 2023"]
[Source "ChessBase"]
[SourceDate "2022.10.05"]
[SourceVersion "1"]
[SourceVersionDate "2022.10.05"]
[SourceQuality "1"]
[WhiteTeam "Koeln Lasker"]
[BlackTeam "Aachen DJK Aufwaerts III"]
[WhiteTeamCountry "GER"]
[BlackTeamCountry "GER"]

1. Nf3 c5 2. g3 b6 3. Bg2 Bb7 4. 0-0 Nf6 5. d3 e6 6. e4 d5 7. e5 Nfd7 8. Re1 Be7 9. h4 Nc6 10. Nbd2 Qc7 11. Qe2 0-0 12. Nf1 Nd4 13. Nxd4 cxd4 14. Bf4 Rac8 15. Rec1 Qc5 16. Nh2 Qb4 17. Rab1 Rc7 18. Nf3 Rfc8 19. a3 Qa4 20. b3 Qxa3 21. Nxd4 a6 22. c4 dxc4 23. Bxb7 Rxb7 24. Ra1 c3 25. Rxa3 Bxa3 26. Ra1 Bb2 27. Rxa6 Nc5 28. Qf3 Rcb8 29. Ra2 1-0

[Event "Mittelrhein-ch"]
[Site "Germany"]
[Date "2013.05.30"]
[Round "2"]
[White "Flatten, Arnold"]
[Black "Fuhs, Juergen"]
[Result "1-0"]
[WhiteElo "1964"]
[BlackElo "1998"]
[PlyCount "77"]
[EventDate "2013.05.29"]
[EventType "swiss"]
[EventRounds "5"]
[EventCountry "GER"]
[SourceTitle "EXT 2015"]
[Source "ChessBase"]
[SourceDate "2014.11.20"]
[SourceVersion "1"]
[SourceVersionDate "2014.11.20"]
[SourceQuality "1"]

1. e4 c5 2. Nf3 d6 3. d4 cxd4 4. Nxd4 Nf6 5. Nc3 a6 6. Bc4 e6 7. Be3 b5 8. Bb3 Bb7 9. f3 Nbd7 10. Qe2 Nc5 11. 0-0-0 Qc7 12. Kb1 Be7 13. g4 0-0 14. h4 Nfd7 15. g5 Nxb3 16. cxb3 b4 17. Na4 d5 18. f4 dxe4 19. h5 Rfe8 20. g6 Nf8 21. gxf7+ Kxf7 22. f5 Bf6 23. Rc1 Qd6 24. Nc5 Bd5 25. fxe6+ Nxe6 26. Ndxe6 Bxe6 27. h6 g6 28. Rhf1 Bf5 29. Qc4+ Kf8 30. Rcd1 Qe5 31. Nd7+ Bxd7 32. Bd4 Bb5 33. Qxb4+ Kg8 34. Bxe5 Bxe5 35. Rfe1 Bd3+ 36. Rxd3 exd3 37. Qc4+ Kh8 38. Qxd3 Rad8 39. Rxe5 1-0

[Event "Maastricht Limburg op-A 5th"]
[Site "Maastricht"]
[Date "2011.06.13"]
[Round "1"]
[White "Fuhs, Juergen"]
[Black "Brookes, Christopher"]
[Result "0-1"]
[WhiteElo "2133"]
[BlackElo "2052"]
[PlyCount "130"]
[EventDate "2011.06.10"]
[EventType "swiss"]
[EventRounds "7"]
[EventCountry "NED"]
[SourceTitle "CBM 142 Extra"]
[Source "ChessBase"]
[SourceDate "2011.06.27"]
[SourceVersion "1"]
[SourceVersionDate "2011.06.27"]
[SourceQuality "1"]

1. e4 c5 2. Nf3 d6 3. d4 cxd4 4. Nxd4 Nf6 5. Nc3 Nc6 6. Bg5 Bd7 7. Be2 Rc8 8. 0-0 Qa5 9. Be3 g6 10. h3 Bg7 11. Qd2 0-0 12. Nb3 Qc7 13. f4 Na5 14. Nxa5 Qxa5 15. Bf3 Rfd8 16. Rf2 b5 17. Nd1 Qa4 18. Nc3 Qa6 19. Qd3 Qa5 20. Ne2 d5 21. Nd4 dxe4 22. Bxe4 Be6 23. Bf3 Bc4 24. Qd1 b4 25. a3 Nd5 26. Bxd5 Qxd5 27. c3 bxc3 28. bxc3 Qe4 29. Qd2 f6 30. f5 gxf5 31. Rf4 Qb7 32. Rxf5 e5 33. Qf2 exd4 34. Bxd4 Qf7 35. Bxa7 Re8 36. Bd4 Re2 37. Qg3 Qg6 38. Qxg6 hxg6 39. Rf2 Rce8 40. Rb1 Re1+ 41. Rxe1 Rxe1+ 42. Kh2 Re2 43. Kg3 Kf7 44. Rxe2 Bxe2 45. Kf2 Bc4 46. h4 Bb5 47. Bc5 f5 48. Bb4 Bf6 49. g3 Ke6 50. Ke3 Be5 51. Kf2 Kd5 52. Kf3 Bc6 53. Kf2 Ke4 54. Ba5 Bf6 55. Bb4 f4 56. gxf4 Bxh4+ 57. Kg1 Kxf4 58. c4 Kf3 59. Bc5 g5 60. Bb6 g4 61. Bc5 Be1 62. Kf1 Bd2 63. Bd6 Bc1 64. Kg1 g3 65. Bxg3 Kxg3 0-1

[Event "Goch op 16th"]
[Site "Goch"]
[Date "2005.09.30"]
[Round "1"]
[White "Fuhs, Juergen"]
[Black "Van Winsen, Joost"]
[Result "0-1"]
[WhiteElo "2164"]
[BlackElo "1732"]
[PlyCount "52"]
[EventDate "2005.09.30"]
[EventType "swiss"]
[EventRounds "7"]
[EventCountry "GER"]
[SourceTitle "EXT 2007"]
[Source "ChessBase"]
[SourceDate "2006.11.23"]
[SourceVersion "1"]
[SourceVersionDate "2006.11.23"]
[SourceQuality "1"]

1. e4 d5 2. exd5 Nf6 3. d4 Nxd5 4. c4 Nb6 5. Nc3 e5 6. Nf3 exd4 7. Qxd4 Qxd4 8. Nxd4 c6 9. Bd2 Bc5 10. Nb3 Be7 11. Ne4 Na6 12. a3 Be6 13. Na5 0-0-0 14. Be3 c5 15. Be2 h6 16. 0-0 f5 17. Nc3 g5 18. Bf3 Rd7 19. Rfd1 Rhd8 20. Rxd7 Rxd7 21. Rd1 Rxd1+ 22. Nxd1 Nxc4 23. Bxb7+ Kc7 24. Bxa6 Nxa5 25. Be2 Nb3 26. Nc3 f4 0-1

[Event "Eifel op 1st"]
[Site "Schleiden Gmuend"]
[Date "2004.05.30"]
[Round "3"]
[White "Biedekoepper, Robert"]
[Black "Fuhs, Juergen"]
[Result "1/2-1/2"]
[WhiteElo "2183"]
[BlackElo "2173"]
[PlyCount "83"]
[EventDate "2004.05.29"]
[EventType "swiss"]
[EventRounds "7"]
[EventCountry "GER"]
[SourceTitle "EXT 2006"]
[Source "ChessBase"]
[SourceDate "2005.11.24"]
[SourceVersion "1"]
[SourceVersionDate "2005.11.24"]
[SourceQuality "1"]

1. d4 Nf6 2. c4 e6 3. g3 Be7 4. Bg2 d5 5. Nc3 0-0 6. Nf3 b6 7. cxd5 exd5 8. 0-0 Bb7 9. Qb3 Nbd7 10. Bf4 c5 11. dxc5 Nxc5 12. Qd1 Nfe4 13. Be5 Nxc3 14. Bxc3 Bf6 15. Bxf6 Qxf6 16. Qd4 Qe7 17. e3 Rfd8 18. Rfd1 Ne6 19. Qe5 f6 20. Qc3 g6 21. Rac1 Kg7 22. Nd4 Rac8 23. Nxe6+ Qxe6 24. Qb3 Rxc1 25. Rxc1 Qe7 26. Qd3 Rd7 27. Qd4 Kg8 28. Rd1 f5 29. h4 Qg7 30. Rc1 Qxd4 31. exd4 Kf7 32. f4 Re7 33. Kf2 Ke8 34. Re1 Rxe1 35. Kxe1 Kd7 36. Kd2 Kd6 37. h5 gxh5 38. Bf3 h4 39. gxh4 Bc8 40. Kc3 Ba6 41. b3 Bf1 42. Kd2 1/2-1/2

[Event "Bergheim op"]
[Site "Bergheim"]
[Date "2003.09.14"]
[Round "6"]
[White "Fuhs, Juergen"]
[Black "Buettner, Ulrich"]
[Result "1-0"]
[WhiteElo "2073"]
[BlackElo "1824"]
[PlyCount "79"]
[EventDate "2003.09.11"]
[EventType "swiss"]
[EventRounds "7"]
[EventCountry "GER"]
[SourceTitle "EXT 2006"]
[Source "ChessBase"]
[SourceDate "2005.11.24"]
[SourceVersion "1"]
[SourceVersionDate "2005.11.24"]
[SourceQuality "1"]

1. e4 e6 2. d4 d5 3. Nc3 dxe4 4. Nxe4 Nd7 5. Nf3 Ngf6 6. Bd3 c5 7. dxc5 Nxc5 8. Nxc5 Bxc5 9. 0-0 0-0 10. Bg5 Qc7 11. Qe2 b6 12. Rad1 Bb7 13. c3 Be7 14. Ne5 Rad8 15. Rfe1 Nd5 16. Bxe7 Nxe7 17. Bc2 Rxd1 18. Rxd1 Rd8 19. Rxd8+ Qxd8 20. Qd3 Qxd3 21. Bxd3 h6 22. c4 Kf8 23. f3 f6 24. Ng6+ Nxg6 25. Bxg6 Ke7 26. Kf2 Kd6 27. b4 a5 28. a3 axb4 29. axb4 Ke5 30. Ke3 Bc6 31. f4+ Kd6 32. Be4 Bxe4 33. Kxe4 g6 34. g4 Kc6 35. h3 Kd6 36. Kd4 Kc6 37. g5 e5+ 38. Ke4 hxg5 39. fxg5 f5+ 40. Kxe5 1-0